Anda bestari:rahsia keajaiban diri

Bibliographic Details
Main Author: Ismail Zain
Format: Book
Published: Kuala Lumpur : Utusan Publications & Distributors , 1999
Series:Siri motivasi dan kecemerlangan utusan
Subjects:

MARC

LEADER 00000cam a2200000 7i4500
001 0000012115
005 20150201.0
020 |a 9676109746 
090 0 0 |a 153.8   |b ISM 
100 0 |a Ismail Zain 
245 1 0 |a Anda bestari:rahsia keajaiban diri   |c Ismail Zain 
260 |a Kuala Lumpur :   |b Utusan Publications & Distributors ,   |c 1999 
440 |a Siri motivasi dan kecemerlangan utusan 
650 0 |a Motivation(psychology) 
999 |a 0000796260   |b Book   |c Adult Collection   |e Cawangan Segamat 
999 |a 0000816912   |b Book   |c Adult Collection   |e Cawangan Mersing 
999 |a 0001004704   |b Book   |c Adult Collection   |e Perbadanan Perpustakaan Awam Johor 
999 |a 0001004705   |b Book   |c Adult Collection   |e Perbadanan Perpustakaan Awam Johor 
999 |a 000811282   |b Book   |c Adult Collection   |e Cawangan Bandar Penawar